=LDR 00000nam 2200000 4500 =001 INLIS000000000041616 =005 20130612151135 =008 ***********************************Ind** =035 ##$$0010-061300000041616 =041 ##$$a Ind =082 ##$$a 939.34 =090 ##$$a 639.34, Sug b =100 ##$$a Sugandy,Irwan =245 ##$$a Budi daya cupang hias, Irwan Sugandy =260 ##$$a 2001 $b Jakarta =300 ##$$a 72 hlm, ilus, 20 cm =850 ##$$a NBPNMAT =990 ##$$a 0001/BPAP-NTB/20142015